LISA - New Woman (All lyrics) - Statistics

General Stats
  • This quiz has been taken 66 times
  • The average score is 202 of 335
Answer Stats
% Correct
I
100%
a
95%
go
95%
new
91%
when
91%
Y
91%
the
88%
I'm
86%
Yo
86%
you
86%
You
86%
woman
84%
Woman
84%
au
81%
aura
81%
la
81%
La
81%
mi
81%
my
81%
better
79%
into
79%
it
79%
Rosalia
79%
Rosalía
79%
face
77%
Face
77%
fire
77%
Lalisa
77%
mind
77%
Purple
77%
77%
So
77%
and
74%
Bitch
74%
eyes
74%
Eyes
74%
gold
74%
on
74%
this?
74%
body
72%
Focus
72%
Taking
72%
through
72%
time
72%
again
70%
come
70%
me
70%
up
70%
want
70%
wild
70%
gone
67%
Here
67%
swerve
67%
día
65%
has
65%
pa
65%
Pain
65%
serve
65%
all
63%
rediscover
63%
walls
63%
wanna
63%
brand
60%
these
60%
Uh
60%
yeah
60%
crack
58%
to
58%
about
53%
bloom
53%
Hit
53%
that
53%
Walked
53%
Banging
51%
banging
51%
echo
49%
fresh
49%
Oh
49%
halls
47%
lo
47%
Off
47%
what
47%
from
44%
ma
44%
No
44%
your
44%
Gimme
42%
gimme
42%
mother
42%
rose
42%
Alpha
40%
don't
40%
Por
40%
por
40%
Pulling
40%
que
40%
Que
40%
Revving
40%
root
40%
ah
37%
puta
37%
Solo
37%
soy
37%
tu
37%
bigger
35%
blame
35%
cut
35%
En
35%
flop
35%
noche
35%
Soak
35%
un
35%
así
33%
Así
33%
le
33%
seguro
33%
sucker
33%
bien
30%
duro
30%
Ni
30%
out
30%
Sale
30%
sea
30%
Siempre
30%
una
30%
Bad
28%
dan
28%
energía
28%
era
28%
fuera
28%
Hasta
28%
meal
28%
meto
28%
Nací
28%
porvenir
28%
puedo
28%
vivir
28%
Acelero
26%
canto
26%
Elevate
26%
estoy
26%
frontear
26%
pura
26%
say
26%
será
26%
sleeve
26%
Tryna
26%
Bajo
23%
cantar
23%
Feeding
23%
frontier
23%
growing
23%
Kissed
23%
madrugada
23%
make
23%
presiona
23%
suffer
23%
Vivo
23%
tenga
21%
liberate
19%
luck
19%
yuh
19%
enfocada
16%
nada
16%
todo
16%
tougher
16%
estás
14%
estrellada
14%
Gotta
14%
Inmaculada
14%
perfily
5%
baby
0%
fireI
0%
server
0%
urgh
0%
No matching quizzes found
Score Distribution
Percent of People with Each Score
Percentile by Number Answered
Your Score History
You have not taken this quiz